| 000 | 01032cas a22002175 4500 | ||
|---|---|---|---|
| 001 | E148539 | ||
| 008 | 110720s2009 xxkmr w 0 a0eng u | ||
| 035 | _a(Sirsi) u148539 | ||
| 041 | 0 | _aeng | |
| 110 | 2 |
_aRoyal Institution of Chartered Surveyors _94900 |
|
| 245 | 0 | 0 |
_aUK Economy & Property Market Chart Book _h[electronic resource] |
| 260 |
_aLondon _bRICS _c2009 |
||
| 362 | 0 | _aSeptember 2009- | |
| 520 | _aMonthly publication which provides a snapshot of the economy, construction sector, housing market and commercial property, and serves as a calendar of forthcoming property data releases. | ||
| 554 | _a12 per year | ||
| 651 | 4 |
_aUnited Kingdom _y |
|
| 690 | _aPROPERTY | ||
| 856 | 4 | 0 |
_uhttps://www.rics.org/site/scripts/downloads.aspx?categoryID=738 _zView the current edition and editions back to January 2010 free of charge at www.rics.org |
| 856 | 4 | 0 |
_uhttps://www.rics.org/site/scripts/downloads.aspx?categoryID=741 _zView the September-December 2009 archived editions free of charge at www.rics.org |
| 942 | _n0 | ||
| 999 |
_c119244 _d119244 |
||